000 01165nab a2200337 i 4500
003 EG-GICUC
005 20260321222848.0
008 260321s1950 fr |||||r|||| 00| 0 fre d
040 _aEG-GICUC
_cEG-GICUC
_dEG-GICUC
_erda
_bfre
041 _afre
082 0 4 _a341.48
_221
_bBR.G
092 0 4 _221
099 _aLaw1 11 341.48 BR.G 1950
100 1 _a Brunet , René
_eAuteur
245 0 2 _aLa garantie internationale des Droits de l'homme :
_b Depuis la Charte de San Francisco /
_cRené Brunet.
264 0 1 _aParis :
_bRevue égyptienne de droit international ,
_c1950 .
300 _a62 Pages ;
_c25 cm.
_billustration ;
336 _2rda content
_aText
337 _2rda media
_aunmediated
338 _2rda carrier
_avolume
362 0 _a.
504 _aBibliography: pages 200-250. 240-220
546 _aTexte en français
650 1 _aDroits de l’homme
_2qrmak
650 1 _aDroit international
_2qrmak
651 1 _2qrmak
773 _tالمجلة المصرية للقانون الدولي.
_gالمجلد السادس.
_w50949
856 _uhttps://fll.law.cu.edu.eg/fulltext/cr/B11-09214.pdf
905 _a60
942 _2ddc
_cARTC
_n0
_e21
999 _c66481
_d66481